Pays du Conclave 2025 - Statistiques

Statistiques générales
  • Ce quiz a été pris 41 fois
  • Le résultat moyen est 44 sur 67
Statistiques - réponses
Électeurs Continent Pays % Correct
4 Amérique du Sud Argentine
100%
7 Amérique du Sud Brésil
100%
10 Amérique du Nord États-Unis
100%
6 Europe France
100%
19 Europe Italie
100%
4 Amérique du Nord Canada
95%
6 Europe Espagne
95%
4 Europe Portugal
93%
4 Asie Inde
90%
2 Amérique du Nord Mexique
90%
3 Europe Allemagne
88%
2 Europe Belgique
88%
1 Asie Chine
88%
1 Amérique du Sud Chili
85%
4 Europe Pologne
85%
2 Europe Suisse
85%
1 Amérique du Sud Colombie
83%
2 Asie Japon
83%
1 Europe Pays-Bas
83%
1 Afrique République démocratique du Congo
83%
1 Afrique République du Congo
83%
1 Amérique du Sud Pérou
80%
3 Europe Royaume-Uni
80%
1 Amérique du Sud Uruguay
80%
1 Afrique Afrique du Sud
78%
1 Amérique du Sud Paraguay
78%
1 Amérique du Sud Équateur
75%
1 Afrique Guinée
75%
1 Europe Suède
75%
3 Asie Philippines
73%
1 Asie Corée du Sud
68%
1 Europe Croatie
65%
1 Afrique Kenya
65%
1 Océanie Nouvelle-Zélande
65%
1 Amérique du Nord Cuba
63%
1 Amérique du Nord Guatemala
60%
1 Asie Indonésie
60%
1 Afrique Nigéria
60%
1 Europe Hongrie
58%
1 Asie Thaïlande
58%
2 Afrique Côte d’Ivoire
55%
1 Afrique Éthiopie
55%
1 Europe Luxembourg
55%
1 Afrique Ghana
53%
1 Amérique du Nord Haïti
53%
1 Europe Lituanie
53%
1 Afrique Madagascar
53%
1 Océanie Papouasie-Nouvelle-Guinée
53%
1 Afrique République centrafricaine
50%
1 Afrique Tanzanie
50%
1 Europe Ukraine
50%
1 Asie Irak
48%
1 Afrique Rwanda
48%
1 Europe Serbie
48%
1 Europe Malte
43%
1 Asie Pakistan
43%
1 Asie Singapour
43%
1 Afrique Cap-Vert
40%
1 Asie Malaisie
40%
1 Amérique du Nord Nicaragua
40%
1 Afrique Soudan du Sud
40%
1 Océanie Tonga
40%
1 Afrique Burkina Faso
33%
1 Europe Bosnie-Herzégovine
30%
1 Asie Sri Lanka
30%
1 Asie Timor oriental
28%
1 Asie Birmanie
23%
Aucun quiz correspondant
Distribution des résultats
% des personnes avec chaque résultat
Percentile par nombre de réponses
Votre historique - résultats
Vous n’avez pas pris ce quiz